La feminización del chavismo: las mujeres pobres como instrumentos de la política social /
Guardado en:
| Hovedforfatter: | |
|---|---|
| Format: | Bog |
| Sprog: | Spanish |
| Tags: |
Tilføj Tag
Ingen Tags, Vær først til at tagge denne postø!
|
MARC
| LEADER | 00000nam a22000007a 4500 | ||
|---|---|---|---|
| 003 | cru CIDCACS/IIS | ||
| 005 | 20180525153044.0 | ||
| 007 | ta | ||
| 008 | 180524s2018 ag |||p|r||||||0| ||spa|d | ||
| 999 | |c 41461 |d 41461 | ||
| 040 | |c cru CIDCACS/IIS | ||
| 100 | 1 | |9 7255 |a López Caldera, Anais D. | |
| 245 | 1 | 3 | |a La feminización del chavismo: |b las mujeres pobres como instrumentos de la política social / |c Anais D. López Caldera |
| 300 | |a páginas 97-106 | ||
| 773 | 0 | |0 19022 |9 2032 |a Fundación Friedrich Ebert |d Fundación Friedrich Ebert; Nueva Sociedad |o 18799 |t Nueva Sociedad / | |
| 942 | |2 ddc |c PP | ||
